Normal view
MARC view
- Sarwat Hameed (NUST2012-60738-MCES-64112F)
Entry Personal Name
001 - CONTROL NUMBER
- control field: 116279
003 - CONTROL NUMBER IDENTIFIER
- control field: NUST
005 - DATE AND TIME OF LATEST TRANSACTION
- control field: 20230912165921.0
008 - FIXED-LENGTH DATA ELEMENTS
- fixed length control field: 230912|| aca||aabn | a|a d
040 ## - CATALOGING SOURCE
- Original cataloging agency: NUST
- Transcribing agency: NUST
100 ## - HEADING--PERSONAL NAME
- Personal name: Sarwat Hameed (NUST2012-60738-MCES-64112F)
670 ## - SOURCE DATA FOUND
- Source citation: Work cat.: (NUST): Sarwat Hameed (NUST2012-60738-MCES-64112F), Simulation of fixed bed reactor for iron catalyzed fisher-tropsch reactor using MATLAB /, 2014
